El hombre-pluma. (Selección de cartas a Louise Colet).

Na minha lista:
Detalhes bibliográficos
Autor principal: Flaubert, Gustave (autor)
Outros Autores: Cuesta, Ascensión (traducción)
Formato: Desconhecido
Idioma:inglês
Publicado em: Madrid, España: Funambulista, 2022.
Edição:Segunda edición.
Colecção:Colección Intempestivos.
Assuntos:
Tags: Adicionar Tag
Sem tags, seja o primeiro a adicionar uma tag!

MARC

LEADER 00000 a2200000 4500
003 CL-VaPUC
005 20241015094648.0
008 240926t2022 ||||| |||| 00| 0 eng d
999 |c 444438  |d 444436 
020 |a 978-84-125219-1-7 
040 |c Pontificia Universidad Católica de Valparaíso 
082 |2 22  |a 801.95 FLA 2022 
100 |a Flaubert, Gustave   |9 890639  |e autor 
245 |a El hombre-pluma.   |b (Selección de cartas a Louise Colet).  
246 |a El arte de hacer novelas según Flaubert.  
250 |a Segunda edición.  
260 |a Madrid, España:   |b Funambulista,   |c 2022. 
300 |a 158 páginas.  
490 |a Colección Intempestivos.  
583 |k Yessy Díaz Vidal  |c 20240926 
600 0 |9 890639  |a Flaubert, Gustave,   |d 1821-1880  |x Escritor francés   |v Cartas  
600 0 |9 891755  |a Colet, Luise,   |e 1810-1876  |x Poetisa francesa   |v Cartas  
650 0 |9 259151  |a Literatura  |x Teoría literaria   |y Siglo 19  
700 |9 891752  |a Cuesta, Ascensión   |e traducción 
942 |2 ddc  |c BK 
952 |0 0  |1 0  |2 ddc  |4 0  |6 801_950000000000000_FLA_2022  |7 0  |8 A  |9 596987  |a BIBART  |b BIBART  |d 2024-09-26  |e 3  |g 18647.30  |i 5662833  |o 801.95 FLA 2022  |p 5662833  |r 2025-03-13  |t 2  |v 18647.30  |w 2024-09-26  |y BK  |k ART 
952 |0 0  |1 0  |2 ddc  |4 0  |6 801_950000000000000_FLA_2022  |7 0  |8 A  |9 596988  |a BIBART  |b BIBART  |d 2024-09-26  |e 3  |g 18647.30  |i 5662832  |l 2  |m 1  |o 801.95 FLA 2022  |p 5662832  |r 2025-03-13  |s 2024-11-19  |t 1  |v 18647.30  |w 2024-09-26  |y BK  |k ART